El patrimonio de la humanidad: descripciones y mapas de localización de los 878 sitios Patrimonio de la Humanidad de la UNESCO

Guardat en:
Dades bibliogràfiques
Autor corporatiu: UNESCO (Autor)
Format: Llibre
Idioma:espanyol
Publicat: Barcelona Blume 2009
Edició:1a. ed
Matèries:
Etiquetes: Afegir etiqueta
Sense etiquetes, Sigues el primer a etiquetar aquest registre!

MARC

LEADER 00000nam a2200000 a 4500
001 UCH9861
003 CL-VaPUC
008 100225e20090000SP |||||||||||||||||spa|d
020 |a 9788480768597 
082 0 4 |a 910  |b UNE  |2 21 
110 2 |a UNESCO  |e author  |9 547170 
245 1 3 |a El patrimonio de la humanidad: descripciones y mapas de localización de los 878 sitios Patrimonio de la Humanidad de la UNESCO 
250 |a 1a. ed 
300 |a 832 p 
942 |c BK 
945 |d 20100225 00:00:00  |a cmena 
260 |a Barcelona  |b Blume  |c 2009 
650 0 |a Patrimonio cultural  |9 309364 
650 0 |a Ciudades  |9 265474 
650 7 |a LUGARES GEOGRAFICOS  |2 CL-VaPUC  |9 547171 
650 0 |a Mapas  |9 260844 
650 7 |a CULTURA UNIVERSAL  |2 CL-VaPUC  |9 547172 
583 |a last modification  |c 20100225 00:00:00  |k Rodrigo Vera 
999 |c 339727  |d 339725 
952 |0 0  |1 0  |4 0  |6 910_000000000000000_UNE_2009  |7 0  |8 C  |9 433534  |a BIBCUR  |b BIBCUR  |d 2019-11-22  |i 464171K  |o 910 UNE 2009  |p 464171K  |r 2025-04-22  |w 2019-11-22  |y BK  |k CAC